<?xml version="1.0" encoding="UTF-8"?>
<record
    xmlns:xsi="http://www.w3.org/2001/XMLSchema-instance"
    xsi:schemaLocation="http://www.loc.gov/MARC21/slim http://www.loc.gov/standards/marcxml/schema/MARC21slim.xsd"
    xmlns="http://www.loc.gov/MARC21/slim">

  <leader>00848nam a22002177a 4500</leader>
  <controlfield tag="003">DO-SdBNP</controlfield>
  <controlfield tag="005">20171124090833.0</controlfield>
  <controlfield tag="008">171124b        2003sp||||| |||| 00| 0 spa d</controlfield>
  <datafield tag="040" ind1=" " ind2=" ">
    <subfield code="a">BPMSU</subfield>
    <subfield code="b">spa</subfield>
    <subfield code="c">BMPSU</subfield>
  </datafield>
  <datafield tag="245" ind1=" " ind2=" ">
    <subfield code="a">Alfa nauta : </subfield>
    <subfield code="b">programa educativo tem&#xE1;tico : diccionario enciclop&#xE9;dico /</subfield>
    <subfield code="c">[direcci&#xF3;n: J. Barnat]</subfield>
  </datafield>
  <datafield tag="250" ind1=" " ind2=" ">
    <subfield code="a">ed. 2000</subfield>
  </datafield>
  <datafield tag="260" ind1=" " ind2=" ">
    <subfield code="a">Barcelona :</subfield>
    <subfield code="b">Nauta</subfield>
    <subfield code="c">2000</subfield>
  </datafield>
  <datafield tag="300" ind1=" " ind2=" ">
    <subfield code="a">8v.</subfield>
    <subfield code="b">il., gr&#xE1;ficos, mapas, cuadros ;</subfield>
    <subfield code="c">29 cm.</subfield>
  </datafield>
  <datafield tag="490" ind1=" " ind2=" ">
    <subfield code="a">Tem&#xE1;tica</subfield>
  </datafield>
  <datafield tag="500" ind1=" " ind2=" ">
    <subfield code="a">T&#xED;tulo tomado de la cubierta</subfield>
  </datafield>
  <datafield tag="500" ind1=" " ind2=" ">
    <subfield code="a">La biblioteca posee v.4</subfield>
  </datafield>
  <datafield tag="505" ind1=" " ind2=" ">
    <subfield code="g">v.1. </subfield>
    <subfield code="t">Geograf&#xED;a --</subfield>
    <subfield code="g">v.2.</subfield>
    <subfield code="t">Historia --</subfield>
    <subfield code="g">v.3.</subfield>
    <subfield code="t">Ciencias naturales --</subfield>
    <subfield code="g">v.4.</subfield>
    <subfield code="t">F&#xED;sica --</subfield>
    <subfield code="g">v.5</subfield>
    <subfield code="t">Qu&#xED;mica --</subfield>
    <subfield code="g">v.6</subfield>
    <subfield code="t">Matem&#xE1;ticas I --</subfield>
    <subfield code="g">v.7.</subfield>
    <subfield code="t">Matem&#xED;ticas II</subfield>
    <subfield code="g">v.8</subfield>
    <subfield code="t">Inform&#xE1;tica y computaci&#xF3;n</subfield>
  </datafield>
  <datafield tag="700" ind1=" " ind2=" ">
    <subfield code="a"> Barnat, Jaume , </subfield>
    <subfield code="e">ed.</subfield>
  </datafield>
  <datafield tag="830" ind1=" " ind2="0">
    <subfield code="a">Tem&#xE1;tica-Nauta</subfield>
  </datafield>
  <datafield tag="942" ind1=" " ind2=" ">
    <subfield code="2">ddc</subfield>
    <subfield code="c">BK</subfield>
  </datafield>
  <datafield tag="999" ind1=" " ind2=" ">
    <subfield code="c">13061</subfield>
    <subfield code="d">13061</subfield>
  </datafield>
</record>
